<?xml version="1.0" encoding="UTF-8"?>
<record
    xmlns:xsi="http://www.w3.org/2001/XMLSchema-instance"
    xsi:schemaLocation="http://www.loc.gov/MARC21/slim http://www.loc.gov/standards/marcxml/schema/MARC21slim.xsd"
    xmlns="http://www.loc.gov/MARC21/slim">

  <leader>00772nam a2200181Ia 4500</leader>
  <controlfield tag="008">151202s9999||||xx |||||||||||||| ||und||</controlfield>
  <datafield tag="082" ind1=" " ind2=" ">
    <subfield code="b">PNVM-66546</subfield>
  </datafield>
  <datafield tag="100" ind1=" " ind2=" ">
    <subfield code="a">&#x932;&#x947;&#x902;&#x92E;&#x94D;&#x92C;&#x947;&#x932; &#x913;&#x932;&#x94D;&#x917;&#x93E; /&#x905;&#x928;&#x941;./&#x915;&#x941;&#x932;&#x915;&#x930;&#x94D;&#x923;&#x940; &#x91C;&#x940;.&#x90F;.</subfield>
  </datafield>
  <datafield tag="245" ind1=" " ind2=" ">
    <subfield code="a">&#x935;&#x948;&#x930;&#x94D;&#x200D;&#x92F;&#x93E;&#x91A;&#x940; &#x90F;&#x915; &#x930;&#x93E;&#x924;&#x94D;&#x930;.</subfield>
  </datafield>
  <datafield tag="260" ind1=" " ind2=" ">
    <subfield code="b">&#x905;&#x902;&#x924;&#x930;&#x915;&#x930; &#x906;&#x928;&#x902;&#x926;.</subfield>
  </datafield>
  <datafield tag="260" ind1=" " ind2=" ">
    <subfield code="c">2007</subfield>
  </datafield>
  <datafield tag="300" ind1=" " ind2=" ">
    <subfield code="a">212</subfield>
  </datafield>
  <datafield tag="600" ind1=" " ind2=" ">
    <subfield code="a">&#x932;&#x947;&#x902;&#x92E;&#x94D;&#x92C;&#x947;&#x932; &#x913;&#x932;&#x94D;&#x917;&#x93E; /&#x905;&#x928;&#x941;./&#x915;&#x941;&#x932;&#x915;&#x930;&#x94D;&#x923;&#x940; &#x91C;&#x940;.&#x90F;.</subfield>
  </datafield>
  <datafield tag="630" ind1=" " ind2=" ">
    <subfield code="a">&#x935;&#x948;&#x930;&#x94D;&#x200D;&#x92F;&#x93E;&#x91A;&#x940; &#x90F;&#x915; &#x930;&#x93E;&#x924;&#x94D;&#x930;.</subfield>
  </datafield>
  <datafield tag="700" ind1=" " ind2=" ">
    <subfield code="a">&#x932;&#x947;&#x902;&#x92E;&#x94D;&#x92C;&#x947;&#x932; &#x913;&#x932;&#x94D;&#x917;&#x93E; /&#x905;&#x928;&#x941;./&#x915;&#x941;&#x932;&#x915;&#x930;&#x94D;&#x923;&#x940; &#x91C;&#x940;.&#x90F;.</subfield>
  </datafield>
  <datafield tag="730" ind1=" " ind2=" ">
    <subfield code="a">&#x935;&#x948;&#x930;&#x94D;&#x200D;&#x92F;&#x93E;&#x91A;&#x940; &#x90F;&#x915; &#x930;&#x93E;&#x924;&#x94D;&#x930;.</subfield>
  </datafield>
  <datafield tag="942" ind1=" " ind2=" ">
    <subfield code="c">BOOK</subfield>
  </datafield>
  <datafield tag="999" ind1=" " ind2=" ">
    <subfield code="c">1333078</subfield>
    <subfield code="d">1333075</subfield>
  </datafield>
  <datafield tag="952" ind1=" " ind2=" ">
    <subfield code="0">0</subfield>
    <subfield code="1">0</subfield>
    <subfield code="4">0</subfield>
    <subfield code="7">0</subfield>
    <subfield code="a">PNVM</subfield>
    <subfield code="b">PNVM</subfield>
    <subfield code="d">2015-06-27</subfield>
    <subfield code="g">0.00</subfield>
    <subfield code="l">0</subfield>
    <subfield code="o">PNVM-66546</subfield>
    <subfield code="p">PNVM-66546</subfield>
    <subfield code="r">2015-12-02 00:00:00</subfield>
    <subfield code="v">0.00</subfield>
    <subfield code="w">2015-12-02</subfield>
    <subfield code="y">BOOK</subfield>
  </datafield>
</record>
